000 00296nam a22001337a 4500
008 170213b xxu||||| |||| 00| 0 eng d
020 _a9780801680113
041 _aeng
080 _a61
100 _a4
101 _aSHM
245 _aEAR NOSE AND THROAT DISORDERS
_cSIGLER .A
942 _2udc
_cBK
999 _c5319
_d5319